000 01131nam0a2200301 4500
001 RU\NLR\BIBL_A\011357800
005 20260406153645.0
021 _aRU
_b2017-15350
_91138
035 _a(RuMoRGB)008813903
035 _a(NLR Aleph) 011357800
090 _a11283193
_c11283193
100 _a20170403d2017 u y0rusy50 ca
101 0 _arus
102 _aRU
105 _ay z 00yzy
200 1 _aГибель пьяной планеты (Алкаши на Алкаиде)
_eненаучные фантазии старого бражника
_fЮрий Чичёв
210 _aМосква
_cАрт-Полиграфия
_d2017
215 _a172, [2] с.
_d21
300 _aНа 4-й с. обл. авт.: Чичёв Ю.И. - Заслуж. работник культуры РСФСР
300 _aИзд. на средства авт.
686 _aШ5(2=Р)64-644.5
_2rubbk
686 2 _aШ6(2=Р)8-445
700 1 _7ca
_8rus
_aЧичев
_bЮ. И.
_f1938-
_gЮрий Иванович
_9116445
_3RU\NLR\AUTH\776491
942 _cBOOK
980 _aNBR